| 000 | 00483 a2200229 4500 | ||
|---|---|---|---|
| 260 | _aParis | ||
| 630 | _a82 - Litterature | ||
| 650 | _a8 - LITTERATURE | ||
| 100 | _aWurmser, André | ||
| 260 | _bGallimard | ||
| 300 | _a838 p. | ||
| 245 | _aLA comédie inhumaine | ||
| 650 | _acomédie inhumaine | ||
| 650 | _aart dramatique | ||
| 260 | _c1970 | ||
| 300 | _b22 cm | ||
| 100 | _lFr | ||
| 037 | _a27765 | ||
| 250 | _aédition dénitive | ||
| 999 |
_c36576 _d36576 |
||